01472nab a22002297a 4500003000400000005001700004008004100021040000700062100003000069245016900099260007300268300001300341500002700354505048500381505008200866650001800948650004000966650002901006650002801035700003001063773014901093OSt20251215144658.0190429b xxu||||| |||| 00| 0 spa d cPJ aMartínez, Agustina Lara13aRazonamiento probatorio y testimonio único en delitos contra la integridad sexual b¿resignificación o flexibilización de estándares? /cGuido Palacín. cCiudad Autónoma de Buenos Aires :aThomson Reuters La Ley, b2025. ap. 41-46 aCita: AR/DOC/175/2025. aSumario: I. Introducción.— II. Algunas precisiones conceptuales respecto de los delitos contra la integridad sexual. Particularidades —o, más bien, dificultades— probatorias.— III. Estándares provenientes de los compromisos internacionalmente asumidos: ¿incompatibilidad con el aforismo testis unus testis nullus?— IV. La legislación argentina y su recepción en la jurisprudencia local.— V. Breves reflexiones.— VI. Bibliografía.— VII. Jurisprudencia. tSi te interesa el texto completo, solicitalo a koha@justierradelfuego.gov.ar  0aDERECHO PENAL 0aDELITOS CONTRA LA INTEGRIDAD SEXUAL 0aAPRECIACION DE LA PRUEBA 0aPERSPECTIVA DE GÉNERO aPalacín, Guidoecoautor0 02658tRevista de derecho penal y criminología. Nº 2 - Marzo 2025dCiudad Autónoma de Buenos Aires : Thomson Reuters La Ley, 2017-x00347914